Злокачественные опухоли. Т. 8, № 3 (спецвып. 2): Практические рекомендации Российского общества клинической онкологии (Запись № 10973191)

Подробности
000 -МАРКЕР
контрольное поле 02258nam2a2200241 4500
001 - ИДЕНТИФИКАТОР ЗАПИСИ
контрольное поле RU\NLR\PER_A\010487227_000630
005 - ИДЕНТИФИКАТОР ВЕРСИИ
контрольное поле 20250626151606.0
035 ## - ДРУГИЕ СИСТЕМНЫЕ НОМЕРА
Идентификатор записи (NLR Aleph) 011917637
100 ## - ДАННЫЕ ОБЩЕЙ ОБРАБОТКИ
Данные общей обработки 20190125d2018 |||y0rusy50 ca
101 0# - ЯЗЫК РЕСУРСА
Язык текста, звукозаписи и т.д. русский
102 ## - СТРАНА ПУБЛИКАЦИИ ИЛИ ПРОИЗВОДСТВА
Страна публикации Российская Федерация
200 1# - ЗАГЛАВИЕ И СВЕДЕНИЯ ОБ ОТВЕТСТВЕННОСТИ
Основное заглавие Практические рекомендации Российского общества клинической онкологии
Наименование части Лекарственное лечение злокачественных опухолей. Поддерживающая терапия в онкологии
210 ## - ПУБЛИКАЦИЯ, РАСПРОСТРАНЕНИЕ И ДР.
Дата издания, распространения и т.д. 2018
Место издания, распространения и т.д. Б. м.
461 #0 - УРОВЕНЬ НАБОРА
Встроенное поле 001RU\NLR\Per\1061807
-- 2001#$aЗлокачественные опухоли$dMalignant tumours$eмеждународный ежеквартальный научно-практический журнал по онкологии$eрусскоязычное издание журнала "Malignat tumours"$eофициальный журнал Профессионального общества онкологов-химиотерапевтов (РФ)$zeng$vТ. 8, № 3 (спецвып. 2)
Системный номер (АБИС) связанной записи 10087323
Место публикации Москва
Дата публикации 2012 -
Параллельное заглавие Malignant tumours
Имя издателя, распространителя и т.д. Благотворительный фонд содействия профилактике, диагностике и лечению онкологических заболеваний "Онкопрогресс" (Фонд "Онкопрогресс")
Сведения, относящиеся к заглавию международный ежеквартальный научно-практический журнал по онкологии : русскоязычное издание журнала "Malignat tumours" : официальный журнал Профессионального общества онкологов-химиотерапевтов (РФ)
Заглавие Злокачественные опухоли
ISSN 2224-5057
Номер тома Т. 8, № 3 (спецвып. 2)
606 1# - НАИМЕНОВАНИЕ ТЕМЫ КАК ПРЕДМЕТ
Наименование темы Злокачественные опухоли
Тематический подзаголовок Фармакотерапия
Системный номер авторитетной/нормативной записи 1137205
Идентификатор авторитетной/нормативной записи RU\NLR\AUTH\66452325
606 1# - НАИМЕНОВАНИЕ ТЕМЫ КАК ПРЕДМЕТ
Наименование темы Злокачественные опухоли
Тематический подзаголовок Паллиативная терапия
Системный номер авторитетной/нормативной записи 2322079
Идентификатор авторитетной/нормативной записи RU\NLR\AUTH\661389138
686 1# - ИНДЕКСЫ ДРУГИХ КЛАССИФИКАЦИЙ
Индекс Р562,4-5
852 ## - МЕСТОНАХОЖДЕНИЕ И ШИФР ХРАНЕНИЯ
Идентификатор организации NLR
Шифр хранения (Call Number) П17/1641
942 ## - ДОПОЛНИТЕЛЬНЫЕ ЭЛЕМЕНТЫ ЗАПИСИ (АБИС)
Тип экземпляра АБИС Выпуск
980 ## - КОЛЛЕКЦИЯ
Название коллекции Национальная библиография
980 ## - КОЛЛЕКЦИЯ
Название коллекции Русская периодика

Нет доступных экземпляров.